00687nam a2200193 a 450000100100000000500170001000800410002704000130006808200140008110000340009524500510012926000570018030000210023750000420025850400550030004900090035595201120036499900170047600001696520200929165008.0100312s1985 dr 000 0 spa d aDO-SdBNP axxxbO48a1 aOlivares M. Félix R.92208710aApuntes históricos /cFélix R. Olivares M. aSanto Domingo :bSecretaría De Agricultura,c1985. a142 p. ;c22 cm. aIncluye notas al pie de las páginas aIncluye referencias bibliográficas ( p. 137-142) aBNPD 0010718PDaPDbPDcHDd2010-03-12iLF1l0oxxx O48ap16965-10r2020-06-25w2020-06-25yLFPDZNo se presta c16497d16497